[Event "ESP-chT Div I 2018"]
[Site "Linares"]
[Date "2018.08.10"]
[Round "5"]
[White "Quesada Perez, Yasser"]
[Black "Alonso Moyano, Jonathan"]
[Result "1/2-1/2"]
[WhiteElo "2534"]
[BlackElo "2388"]
[Annotator "TA"]
[PlyCount "154"]
[EventDate "2018.08.06"]
[EventType "team-tourn"]
[EventCountry "ESP"]
[SourceTitle "playchess.com"]
[Source "ChessBase"]
[SourceQuality "1"]

{[%evp 14,154,33,28,36,9,14,0,-4,0,48,52,58,-31,85,86,117,105,118,114,122,75,86,76,76,72,70,68,72,56,62,56,85,91,86,8,8,9,8,4,7,7,32,31,7,0,74,41,36,41,87,39,76,29,39,0,0,0,0,0,0,0,0,-8,0,0,0,-35,-19,-20,0,0,0,0,8,17,7,0,8,32,12,8,70,73,75,75,225,169,563,589,579,542,533,458,608,555,512,0,379,-19,-33,-254,-236,-295,-285,-347,-362,-357,-243,-350,-340,-494,-547,-533,-548,-550,-550,-395,-194,-563,-536,-352,-8,-20,-60,-1236,-1236,-1220,-1143,-1003,0,0,0,0,0,0,0,0,0,0,0,0,0]} 1. e4 c5 2. Nc3 Nc6 3. Bb5 Na5 4. Nf3 {[%cal Bg1f3,Bf3d4,Bd4f5][%mdl 32]} a6 (4... e6 5. d4 cxd4 6. Nxd4 a6 7. Be2 b5 8. O-O Bb7 9. Bf3 Ne7 10. Bg5 h6 11. Bh4 Nc4 {1-0 (86) Adhiban,B (2674)-Ivanisevic,I (2653) Berlin 2015}) 5. Be2 d6 {[%cal Bd7d6,Bd6d5,Bd5d4][%mdl 32]} 6. d4 {B23: Closed Sicilian: Lines without g3} cxd4 7. Nxd4 Nf6 8. O-O {LiveBook: 11 Games. White is slightly better.} e5 9. Nf5 d5 $146 {[%cal Rd5d4] White should prevent ...d4.} ({Predecessor:} 9... h6 10. Ne3 Be7 11. Ned5 Nxd5 12. Nxd5 Bg5 13. Bxg5 hxg5 {½-½ (85) Wan,Y (2456)-Voiska,M (2301) Golden Sands 2012}) 10. Bg5 {[%cal Rc3d5]} d4 $1 11. Bxf6 Qxf6 12. Nd5 Qd8 $1 13. Bf3 (13. c4 $14) 13... g6 (13... Nc6 $15 {stays ahead.}) 14. Nxd4 $1 $16 Bg7 15. Nb3 Nxb3 16. axb3 O-O 17. Ne3 Be6 18. Qe2 Qd4 19. Rab1 Bh6 20. Rfd1 Qb6 21. Rd3 Rfd8 22. Rbd1 Rd4 23. Rxd4 exd4 24. Nf1 (24. Nd5 $16 Bxd5 25. exd5) 24... Rc8 25. e5 Bf5 26. Be4 Bxe4 27. Qxe4 Qc6 28. Qxd4 Qxc2 29. Rd3 Rc6 (29... Re8 $11) 30. h4 Qc5 31. Qe4 Re6 32. Rd5 Qb6 33. b4 Bf8 34. Rd4 (34. b5 $5) 34... Bd6 35. f4 {Threatens to win with Ne3.} ({Avoid the trap} 35. Rxd6 $2 Qxd6 36. f4 Qd1 $19) 35... Bxb4 36. Kh2 Bc5 37. Rd7 Re7 38. Rd2 Qe6 39. b4 Bb6 40. Qf3 Rd7 41. h5 Kg7 42. Rxd7 Qxd7 43. Ng3 f5 44. exf6+ Kxf6 45. h6 {Threatening Ne4+.} Qc6 ({Reject} 45... Bd4 $6 46. Ne4+ Ke7 47. Ng5 $16) 46. Ne4+ Ke7 47. Qd3 {With the idea Ng5.} Bc7 ({Better is} 47... Qd7 $1 $11 48. Qxd7+ Kxd7) 48. g3 $14 {Hoping for Ng5.} Qb5 49. Qc2 Qh5+ (49... Qc6 $16 {was worth a try.} 50. Qd3 Bb6) 50. Kg2 $18 Bb6 $2 (50... Bd8 {is more resistant.}) 51. Ng5 Kd7 52. Qe4 Kc7 {If only Black now had time for ...Kb8....} 53. Qe5+ Kc8 54. Qe6+ Kc7 55. Qe5+ Kc8 $1 56. Nf7 $2 ({White must play} 56. Nxh7 $18 Qxe5 57. fxe5) 56... Qxe5 $11 57. fxe5 $2 {[%mdl 4096] Endgame KB-KN} (57. Nxe5 $15 Bd4 58. Nf7) 57... Bd8 $1 $19 58. Kf3 Be7 59. Nh8 {[#]} Bf8 $1 (59... Bxb4 60. Nxg6 a5 61. Nf4 $19) 60. Nf7 Kd7 61. Ke4 (61. Ng5 $142) 61... Bxb4 62. Kd5 (62. Ng5 $142 Bd2 63. Nxh7 Bxh6 64. Kd5) 62... Bd2 63. Nd6 Bxh6 64. Nxb7 {intending Nc5+.} Be3 65. Na5 Bf2 (65... h5 $142 66. Nc6 Bf2 67. Nb8+ Ke7) 66. e6+ $2 (66. Nc6 {was the crucial defense.}) 66... Kc7 67. g4 h5 $2 (67... Be1 $19 68. Nc4 (68. Nc6 $2 a5 $19) 68... Kd8) 68. gxh5 $1 $11 gxh5 {Strongly threatening ...h4.} 69. Nc4 $2 {[%mdl 8192]} (69. Nc6 $15) 69... Bh4 $19 70. Nd6 Be7 71. Nf5 {[#]} Bg5 $2 (71... Bf6 $1 $19 {aiming for ...h4.} 72. Nd6 Kd8 73. Nb7+ Ke7) 72. e7 $1 $11 {[%cal Re7e8] The position is equal.} Kd7 73. Ng7 Bxe7 {And now ...h4 would win.} 74. Nxh5 a5 75. Nf4 Kc7 76. Kc4 Kc6 77. Nd5 Bd6 {Precision: White = 41%, Black = 41%.} 1/2-1/2

[Event "ESP-chT Div I 2018"]
[Site "Linares"]
[Date "2018.08.10"]
[Round "5"]
[White "Alsina Leal, Daniel"]
[Black "Martinez Alcantara, Jose Eduardo"]
[Result "1/2-1/2"]
[WhiteElo "2480"]
[BlackElo "2561"]
[Annotator "RC"]
[PlyCount "111"]
[EventDate "2018.08.06"]
[EventType "team-tourn"]
[EventCountry "ESP"]
[SourceTitle "playchess.com"]
[Source "ChessBase"]
[SourceQuality "1"]
[TimeControl "40/5400+30:1800+30"]

1. e4 {[%emt 0:00:00]} c5 {[%emt 0:00:00]} 2. c3 {[%emt 0:00:00]} d5 {[%emt 0:00:00]} 3. exd5 {[%emt 0:00:04]} Qxd5 {[%emt 0:00:00]} 4. d4 {[%emt 0:00:04]} Nf6 {[%emt 0:00:00]} 5. Nf3 {[%emt 0:00:05]} e6 {[%emt 0:00:28]} 6. Na3 {[%emt 0:00:52]} a6 {[%emt 0:02:36]} 7. Nc4 {[%emt 0:00:44]} Nbd7 {[%emt 0:00:06]} 8. Be2 {[%emt 0:00:47]} b5 {[%emt 0:08:44]} 9. Ne3 {[%emt 0:23:50]} Qc6 {[%emt 0:05:20]} 10. a4 {[%emt 0:02:53]} Rb8 {[%emt 0:08:33]} 11. axb5 {[%emt 0:03:36]} axb5 {[%emt 0:00:05]} 12. O-O {[%emt 0:07:00]} Be7 {[%emt 0:03:52]} 13. dxc5 {[%emt 0:09:13]} Qxc5 {[%emt 0:01:41]} 14. Nd4 {[%emt 0:02:32]} O-O {[%emt 0:08:50]} 15. Ra5 {[%emt 0:02:26]} Qc7 {[%emt 0:00:02]} 16. Rxb5 {[%emt 0:01:49]} Ra8 {[%emt 0:00:43]} 17. Bf3 {[%emt 0:05:35]} Ra6 {[%emt 0:00:33]} 18. Re1 {[%emt 0:02:27]} Nc5 {[%emt 0:01:16]} 19. Qe2 {[%emt 0:04:11]} Rd8 {[%emt 0:07:17]} 20. Nec2 {[%emt 0:02:05]} Bd6 {[%emt 0:04:43]} 21. Nb4 {[%emt 0:05:08]} Ra4 {[%emt 0:07:50]} 22. b3 {[%emt 0:11:13]} Ra1 {[%emt 0:10:35]} 23. Qb2 {[%emt 0:00:52]} Rxc1 {[%emt 0:06:04]} 24. Qxc1 {[%emt 0:02:37]} e5 {[%emt 0:00:03]} 25. Ndc6 {[%emt 0:01:28]} e4 {[%emt 0:01:11]} 26. Be2 {[%emt 0:03:16]} Re8 {[%emt 0:04:29]} 27. Qe3 {[%emt 0:00:30]} Ne6 {[%emt 0:03:40]} 28. g3 {[%emt 0:00:59]} Bd7 {[%emt 0:00:09]} 29. Rd1 {[%emt 0:06:00]} Bxb4 {[%emt 0:07:38]} 30. Nxb4 {[%emt 0:00:07]} Bxb5 {[%emt 0:00:06]} 31. Bxb5 {[%emt 0:00:02]} Rd8 {[%emt 0:00:16]} 32. Rxd8+ {[%emt 0:00:36]} Qxd8 {[%emt 0:00:02]} 33. Be2 {[%emt 0:01:39]} h6 {[%emt 0:00:04]} 34. Kg2 {[%emt 0:01:09]} Qd7 {[%emt 0:00:36]} 35. Nc2 {[%emt 0:01:06]} Nd5 {[%emt 0:00:22]} 36. Qxe4 {[%emt 0:00:24]} Nxc3 {[%emt 0:00:22]} 37. Qa8+ {[%emt 0:00:29]} Kh7 {[%emt 0:00:15]} 38. Qf3 {[%emt 0:00:32]} Nxe2 {[%emt 0:00:45]} 39. Qxe2 {[%emt 0:00:03]} Ng5 {[%emt 0:00:19]} 40. f3 {[%emt 0:00:59]} g6 {[%emt 0:01:08]} 41. Ne1 {[%emt 0:30:24]} h5 {[%emt 0:31:29]} 42. Qe3 {[%emt 0:00:30]} Qf5 {[%emt 0:00:47]} 43. Nd3 {[%emt 0:00:37]} Qh3+ {[%emt 0:00:05]} 44. Kg1 {[%emt 0:00:08]} Qf5 {[%emt 0:00:02]} 45. Kg2 {[%emt 0:00:48]} Qh3+ {[%emt 0:00:07]} 46. Kg1 {[%emt 0:00:04]} Qf5 {[%emt 0:00:21]} 47. f4 {[%emt 0:00:34]} Ne6 {[%emt 0:00:28]} 48. Nf2 {[%emt 0:00:34]} Qb1+ {[%emt 0:01:40]} 49. Kg2 {[%emt 0:00:03]} Qb2 {[%emt 0:00:08]} 50. h3 {[%emt 0:01:21]} Nd4 {[%emt 0:00:43]} 51. Qe5 {[%emt 0:00:31]} Qc3 {[%emt 0:00:02]} 52. Qd5 {[%emt 0:00:19]} Kg8 {[%emt 0:01:10]} 53. b4 {[%emt 0:00:43]} Nf5 {[%emt 0:00:35]} 54. Qd3 {[%emt 0:00:28]} Qxb4 {[%emt 0:00:10]} 55. g4 {[%emt 0:00:26]} hxg4 {[%emt 0:01:27]} 56. hxg4 {[%emt 0:00:03]} 1/2-1/2

[Event "ESP-chT Div I 2018"]
[Site "Linares"]
[Date "2018.08.10"]
[Round "5"]
[White "Espinosa Aranda, Angel"]
[Black "Mista, Aleksander"]
[Result "1-0"]
[WhiteElo "2451"]
[BlackElo "2604"]
[Annotator "TA"]
[PlyCount "163"]
[EventDate "2018.08.06"]
[EventType "team-tourn"]
[EventCountry "ESP"]
[SourceTitle "playchess.com"]
[Source "ChessBase"]
[SourceQuality "1"]

{[%evp 11,163,-2,10,9,9,4,6,-29,-35,-51,0,-20,-15,-13,-10,-53,0,0,0,0,15,0,21,16,21,6,18,0,0,0,0,0,0,0,0,0,0,0,0,0,0,0,6,6,8,0,0,0,0,8,18,0,145,140,147,145,145,147,146,140,148,148,146,140,251,223,216,0,0,0,0,0,0,0,0,0,0,0,0,0,0,0,0,0,0,0,316,295,279,271,257,207,270,262,392,422,412,402,388,384,349,345,459,450,445,436,394,414,922,466,467,424,12837,12838,12843,12838,12838,12834,1499,0,4690,1722,1733,1885,1817,1761,1673,1616,1714,1593,1329,1185,811,735,622,576,2052,1926,6974,5510,1831,2309,2189,2118,12843,12843,12845,12844,12845,12845,12847,12847,12849,12849]} 1. Nf3 d5 2. d4 Bf5 3. Bf4 e6 4. e3 Bd6 5. Bg3 Nf6 (5... Ne7 6. Nbd2 O-O 7. Nh4 c5 8. c3 Nbc6 9. Nxf5 Nxf5 10. Bd3 Nxg3 11. hxg3 h6 12. Nf3 cxd4 13. exd4 {½-½ (69) So,W (2815)-Carlsen,M (2832) chess.com INT 2017}) 6. Bd3 {D02: 1 d4 d5 2 Nf3 sidelines, including 2...Nf6 3 g3 and 2...Nf6 3 Bf4} Ne4 {LiveBook: 4 Games} 7. c4 Bb4+ 8. Kf1 $146 {The position is equal.} ({Predecessor:} 8. Ke2 dxc4 9. Bxc4 O-O 10. Bd3 Nd7 11. Qc2 Ndf6 12. Bh4 Qd5 13. Bxf6 Nxf6 14. a3 Bd6 15. Nc3 Bxd3+ 16. Qxd3 Qh5 17. h3 {½-½ (17) Roeder,M (2367)-Starostits,I (2454) Las Palmas 2016}) 8... O-O 9. Qc2 c5 10. Nc3 cxd4 ({Black should try} 10... Bxc3 $1 $15 11. bxc3 Nd7) 11. Nxd4 Bxc3 12. Nxf5 exf5 13. bxc3 (13. Bxe4 $5 Bxb2 14. Qxb2 dxe4 15. Qxb7 Qd3+ 16. Kg1 $11) 13... dxc4 (13... Na6 $15) 14. Bxe4 $11 fxe4 15. Qxe4 Qd2 16. Qxc4 Nc6 17. h4 Rac8 18. Kg1 Ne7 19. Qd4 Qxc3 20. Qxc3 Rxc3 21. Kh2 Rd8 22. Rhd1 Rxd1 23. Rxd1 {[%cal Rd1d8][%mdl 4096] [#] Endgame KRB-KRN} Nc6 24. Rd7 b5 $1 25. h5 (25. Rc7 {with more complications.} f6 26. Bd6 a5 27. a3 Rc2 28. Kg3) 25... h6 26. Rc7 f6 27. Bd6 a5 28. Rc8+ Kf7 29. Rc7+ Ke6 30. Bf8 b4 31. Rxg7 {Rc7 is the strong threat.} a4 (31... Ra3 $11 {remains equal.}) 32. Rb7 $16 Rc2 33. Bxh6 {Hoping for Bg7.} b3 34. axb3 a3 35. Rb6 a2 36. Ra6 Kf7 37. Kg3 Nb4 (37... Rb2 $16 {was worth a try.}) 38. Ra7+ $18 Kg8 39. Bf4 $2 (39. e4 $18) 39... Rc6 $11 {White must now prevent ...Ra6.} 40. Ra8+ $1 Kf7 41. Ra7+ Ke6 42. h6 Rc1 43. h7 Rh1 {aiming for ...Rxh7!} 44. e4 Rxh7 45. Ra4 Rd7 {Threatens to win with ...Rd1.} (45... Rh1 $5 46. Bd2 $8 a1=Q 47. Rxa1 Rxa1 48. Bxb4 Rb1 $11) 46. Bh6 Rd6 (46... Rd1 $5 47. Bf8 $8 a1=Q 48. Rxa1 Rxa1 49. Bxb4 Rb1 $11) 47. Bc1 Ra6 (47... Rd1 $5 48. Bb2 $8 Rb1 $11) 48. Bb2 Rb6 $2 {[%mdl 8192]} (48... Rxa4 $11 49. bxa4 Nd3) 49. f3 f5 50. exf5+ Kxf5 51. Ra5+ Kg6 52. Bc3 Nd3 (52... Nc6 $142 53. Rxa2 Rxb3) 53. Rxa2 $18 Rxb3 54. Bd4 Rb4 55. Ra6+ Kf7 56. Be3 Rb2 57. Rd6 Rb3 58. Bg5 Nc5 {And now ...Ne4+ would win.} 59. Kg4 Rb4+ (59... Rb2 $142 60. g3 Rb3 61. Rf6+ Ke8) 60. f4 Ne4 61. Rd7+ Kg8 (61... Ke6 $142) 62. Kf5 Ra4 63. g4 Kf8 64. Rd5 Kf7 65. Rd7+ (65. Rd3 $142 Rc4 66. Rd7+ Kf8 67. Ra7) 65... Kf8 66. Bh6+ (66. Bh4 $142 Nc5 67. Rd8+ Kf7 68. g5) 66... Ke8 67. Rd3 Nf2 68. Rd5 Nh3 69. Rb5 Kf7 70. Rb7+ Ke8 71. Rb6 Kf7 72. Rf6+ Ke8 73. Kg6 Nf2 74. g5 Nd3 75. Re6+ Kd7 {[#]} 76. f5 $1 Ra5 77. Rf6 Ne5+ 78. Kh7 Ke8 79. Rf8+ Ke7 80. g6 Nd7 81. Rf7+ Ke8 82. Rxd7 {Precision: White = 71%, Black = 52%.} 1-0

[Event "ESP-chT Div I 2018"]
[Site "Linares"]
[Date "2018.08.10"]
[Round "5"]
[White "Moreno Ruiz, Javier"]
[Black "Almagro Llamas, Pablo"]
[Result "1-0"]
[WhiteElo "2450"]
[BlackElo "2442"]
[Annotator "RC"]
[PlyCount "101"]
[EventDate "2018.08.06"]
[EventType "team-tourn"]
[EventCountry "ESP"]
[SourceTitle "playchess.com"]
[Source "ChessBase"]
[SourceQuality "1"]
[TimeControl "40/5400+30:1800+30"]

1. d4 {[%emt 0:00:00]} Nf6 {[%emt 0:00:00]} 2. Bf4 {[%emt 0:00:00]} g6 {[%emt 0:02:06]} 3. e3 {[%emt 0:00:14]} Bg7 {[%emt 0:00:25]} 4. Nf3 {[%emt 0:00:17]} d6 {[%emt 0:00:30]} 5. h3 {[%emt 0:00:07]} O-O {[%emt 0:01:34]} 6. Be2 {[%emt 0:00:07]} Nbd7 {[%emt 0:01:10]} 7. O-O {[%emt 0:00:32]} b6 {[%emt 0:01:45]} 8. c4 {[%emt 0:00:35]} Bb7 {[%emt 0:00:08]} 9. Nc3 {[%emt 0:00:05]} Ne4 {[%emt 0:02:15]} 10. Nxe4 {[%emt 0:00:35]} Bxe4 {[%emt 0:00:10]} 11. Nd2 {[%emt 0:00:07]} Bb7 {[%emt 0:00:08]} 12. Bf3 {[%emt 0:00:15]} Bxf3 {[%emt 0:00:10]} 13. Nxf3 {[%emt 0:00:27]} c5 {[%emt 0:04:45]} 14. Qa4 {[%emt 0:11:16]} a6 {[%emt 0:03:18]} 15. Rfd1 {[%emt 0:04:06]} Qc7 {[%emt 0:03:24]} 16. Bg5 {[%emt 0:06:30]} Nf6 {[%emt 0:06:54]} 17. Rac1 {[%emt 0:01:35]} Qb7 {[%emt 0:04:43]} 18. Qc2 {[%emt 0:00:50]} Ne4 {[%emt 0:14:26]} 19. Bf4 {[%emt 0:00:22]} b5 {[%emt 0:00:57]} 20. d5 {[%emt 0:10:09]} f5 {[%emt 0:00:29]} 21. Ng5 {[%emt 0:00:33]} Nxg5 {[%emt 0:00:41]} 22. Bxg5 {[%emt 0:00:05]} h6 {[%emt 0:03:29]} 23. Bh4 {[%emt 0:00:51]} g5 {[%emt 0:02:18]} 24. Bg3 {[%emt 0:00:07]} bxc4 {[%emt 0:00:09]} 25. Rb1 {[%emt 0:13:02]} Qb5 {[%emt 0:17:11]} 26. f4 {[%emt 0:02:26]} Rab8 {[%emt 0:10:35]} 27. fxg5 {[%emt 0:08:18]} hxg5 {[%emt 0:00:08]} 28. Rf1 {[%emt 0:00:11]} Qd7 {[%emt 0:00:53]} 29. Qxc4 {[%emt 0:00:43]} Rb4 {[%emt 0:01:04]} 30. Qe2 {[%emt 0:13:40]} Qb7 {[%emt 0:04:53]} 31. Qh5 {[%emt 0:08:41]} Qxd5 {[%emt 0:00:37]} 32. Qxg5 {[%emt 0:00:05]} Re4 {[%emt 0:04:28]} 33. Rf3 {[%emt 0:03:06]} Qxa2 {[%emt 0:05:35]} 34. Rbf1 {[%emt 0:00:09]} Qe6 {[%emt 0:00:32]} 35. Bf4 {[%emt 0:02:58]} Qf6 {[%emt 0:02:53]} 36. Qh5 {[%emt 0:00:08]} Qf7 {[%emt 0:00:50]} 37. Qg5 {[%emt 0:00:10]} Qf6 {[%emt 0:00:11]} 38. Qh5 {[%emt 0:00:08]} e5 {[%emt 0:01:36]} 39. Bg5 {[%emt 0:00:48]} Qf7 {[%emt 0:00:06]} 40. Qxf7+ {[%emt 0:00:46]} Rxf7 {[%emt 0:00:02]} 41. Rxf5 {[%emt 0:30:08]} Rxf5 {[%emt 0:30:28]} 42. Rxf5 {[%emt 0:00:01]} Rb4 {[%emt 0:00:09]} 43. Be7 {[%emt 0:08:09]} Rxb2 {[%emt 0:00:15]} 44. Bxd6 {[%emt 0:00:05]} c4 {[%emt 0:01:32]} 45. Rg5 {[%emt 0:00:05]} Rb1+ {[%emt 0:01:44]} 46. Kf2 {[%emt 0:00:17]} Kf7 {[%emt 0:00:43]} 47. Bxe5 {[%emt 0:00:15]} Bxe5 {[%emt 0:00:35]} 48. Rxe5 {[%emt 0:00:06]} c3 {[%emt 0:00:12]} 49. Rc5 {[%emt 0:00:14]} Rc1 {[%emt 0:00:12]} 50. Ke2 {[%emt 0:00:50]} c2 {[%emt 0:01:07]} 51. Kd3 {[%emt 0:01:09]} 1-0

[Event "ESP-chT Div I 2018"]
[Site "Linares"]
[Date "2018.08.10"]
[Round "5"]
[White "Rubio Mejia, Luis Ignacio"]
[Black "Gascon Del Nogal, Jose Rafael"]
[Result "1/2-1/2"]
[WhiteElo "2442"]
[BlackElo "2476"]
[Annotator "TA"]
[PlyCount "77"]
[EventDate "2018.08.06"]
[EventType "team-tourn"]
[EventCountry "ESP"]
[SourceTitle "playchess.com"]
[Source "ChessBase"]
[SourceQuality "1"]

{[%evp 17,77,20,39,38,45,20,23,12,23,14,22,1,11,0,-11,-12,0,0,0,0,0,0,0,-12,0,-9,-4,-42,-45,-64,-10,-26,-7,-12,0,0,-14,-12,-14,-10,0,0,0,0,0,-3,0,0,0,-10,0,0,0,0,0,0,0,0,0,0,0,0]} 1. d4 d5 2. c4 e6 3. Nc3 a6 4. cxd5 exd5 5. Bf4 c6 (5... Nf6 6. e3 Bd6 7. Bg5 Be6 8. Bd3 Nbd7 9. f4 h6 10. Bh4 g5 11. fxg5 hxg5 12. Bxg5 Rxh2 13. Rxh2 Bxh2 {1-0 (69) Yu,Y (2762)-Fedoseev,V (2707) Danzhou 2018}) 6. Qc2 {D31: Queen's Gambit Declined: Semi-Slav without ...Nf6 (+ Marshall Gambit and Noteboom) and Exchange Variation lines without ...Nf6} Bd6 7. Bxd6 Qxd6 8. e3 Ne7 9. Bd3 Bg4 {[%cal Bc8g4,Bg4h5,Bh5g6][%mdl 32] LiveBook: 15 Games} 10. h3 Bh5 11. f4 {[%cal Bf2f4,Bf4f5][%mdl 32] Threatens to win with g4.} f6 12. g4 Bg6 13. f5 $146 Bf7 14. Nf3 c5 15. Qh2 Qxh2 16. Rxh2 c4 17. Bc2 b5 18. Kd2 Nbc6 {[%cal Bb8c6,Bc6a5,Ba5b7,Bb7d6][%mdl 32]} 19. Rg1 h6 20. h4 O-O-O 21. Ne2 Na5 22. Nf4 Nb7 23. g5 hxg5 (23... Nd6 $15) 24. hxg5 $11 {[#] Strongly threatening g6.} Rxh2+ 25. Nxh2 {The position is equal.} Nd6 26. gxf6 gxf6 27. Ng4 Rg8 28. Rg2 Nexf5 {[#] ...Nh4 is the strong threat.} 29. Nxf6 Rxg2+ 30. Nxg2 Kc7 31. Nf4 Kc6 32. a3 Ne7 33. Bd1 a5 34. Bf3 b4 35. axb4 axb4 36. Ng4 Kb5 37. Nf6 Kc6 38. Ng4 {White wants to play Ne5+.} Kb5 39. Nf6 {Precision: White = 53%, Black = 67%.} 1/2-1/2

[Event "ESP-chT Div I 2018"]
[Site "Linares"]
[Date "2018.08.10"]
[Round "5"]
[White "Gonzalez De La Torre, Santiago"]
[Black "Ortega Hermida, Daniel"]
[Result "1-0"]
[WhiteElo "2434"]
[BlackElo "2334"]
[Annotator "TA"]
[PlyCount "131"]
[EventDate "2018.08.06"]
[EventType "team-tourn"]
[EventCountry "ESP"]
[SourceTitle "playchess.com"]
[Source "ChessBase"]
[SourceQuality "1"]

{[%evp 13,131,-9,53,-10,17,16,29,-7,0,0,0,-14,-13,-17,-10,-12,0,-7,-6,0,0,0,-12,-31,0,0,0,0,0,0,6,0,0,3,18,0,0,0,0,0,0,0,0,0,0,0,0,0,0,0,27,30,29,29,32,33,32,33,41,39,70,67,77,77,75,15,11,11,10,10,14,10,10,10,19,0,0,0,205,105,685,641,609,597,793,671,584,584,436,385,326,8,8,8,1104,1175,1146,378,263,0,1088,908,29962,29957,29962,29964,29970,29971,29971,29972,29974,29975,29975,29976,29976,29976,29976,29977,29981,29982]} 1. e4 e5 2. Nf3 Nc6 3. Bc4 Nf6 4. d3 Bc5 5. c3 O-O 6. Bb3 d5 7. Nbd2 Re8 {LiveBook: 6 Games. C54: Giuoco Piano: 4 c3 Nf6, main lines with 5 d4 and 5 d3} (7... dxe4 $11 8. Nxe4 Nxe4 9. dxe4 Qxd1+ 10. Bxd1 a5) (7... Be6 8. Qe2 dxe4 9. dxe4 Qe7 10. O-O Bxb3 11. axb3 a6 12. b4 Ba7 13. Nc4 Qe6 14. Na5 Nxa5 15. Rxa5 {1-0 (54) Radjabov,T (2761)-Carlsen,M (2776) Nice 2009}) 8. h3 ({White should play} 8. exd5 $14 Nxd5 9. Ne4) 8... a5 $146 {[%cal Ba7a5,Ba5a4][%mdl 32]} ({Predecessor:} 8... h6 9. Qe2 a5 10. a4 Be6 11. g4 Bf8 12. Bc2 Nd7 13. Nf1 Nc5 14. Ng3 dxe4 15. dxe4 {1-0 (35) Deepan Chakkravarthy,J (2506)-Sethuraman,S (2455) Paris 2009}) 9. O-O dxe4 {The position is equal.} 10. dxe4 (10. Ng5 {feels hotter.} Rf8 11. Ndxe4 Nxe4 12. Nxe4 Be7 13. a4) 10... Nh5 11. Nc4 Qxd1 12. Rxd1 a4 13. Bc2 f6 14. Be3 Bf8 15. b4 axb3 16. axb3 {[%cal Ba2b3,Bb3b4][%mdl 32]} Be6 17. Nb2 Nf4 18. Kf1 Na5 19. Nd2 b5 20. b4 Nb7 21. Nb3 c5 22. Nxc5 Nxc5 23. bxc5 Rac8 24. Ra6 {Threatens to win with Bxf4.} Bxc5 25. Bxf4 exf4 {[#]} 26. Rxe6 $1 {[%mdl 512]} Rxe6 27. Bb3 Kf7 28. Rd7+ Be7 29. Nd1 Rc4 30. Bxc4 bxc4 $11 {[%mdl 4096] Endgame KRB-KRN} 31. Rd4 Ra6 32. Rxc4 Bd6 33. Rd4 Ke6 34. Ke2 Be5 35. Rd2 Ra4 36. Kd3 Ra1 37. Nb2 f3 38. gxf3 Rh1 39. Nc4 (39. c4 $16) 39... Rxh3 40. Nxe5 fxe5 {KR-KR} 41. Ke2 Rh1 42. Rc2 h5 43. c4 {[%cal Bc3c4,Bc4c5][%mdl 32]} Kd6 44. c5+ Kc6 45. Rd2 {Hoping for Rd5.} Rg1 $2 {[#]} (45... h4 $11) 46. Rd5 (46. Rd6+ $1 $18 Kxc5 47. Rd5+ Kc4 48. Rxe5) 46... Rg5 $2 {[%mdl 8192] [#]} (46... g5 $16) 47. f4 $1 $18 {[%cal Rf4g5][%mdl 512]} Rg4 (47... exf4 48. Rxg5) 48. Rxe5 Rxf4 49. Ke3 Rh4 50. Rg5 Rh1 51. f4 h4 52. Kd4 $2 ({Much less strong is} 52. Rxg7 $6 Kxc5 53. Rc7+ Kd6 $18) ({Better is} 52. Kf2 $18) 52... Rd1+ $11 53. Ke5 Rd7 $2 {[%mdl 8192]} (53... h3 $11 54. Rh5 Rh1) 54. Rh5 $18 Re7+ 55. Kd4 $2 (55. Kf5 Rf7+ 56. Kg5) 55... Rd7+ 56. Ke5 $2 (56. Ke3) 56... Re7+ 57. Kf5 g6+ 58. Kxg6 {White mates.} Rxe4 59. Rxh4 Kxc5 60. Rh5+ Kd6 61. f5 {[%cal Bf4f5,Bf5f6][%mdl 32]} Ke5 62. Kf7 Ra4 63. f6+ Kd6 64. Rh1 Rf4 65. Rd1+ Ke5 66. Ke7 {Precision: White = 68%, Black = 47%.} 1-0

[Event "ESP-chT Div I 2018"]
[Site "Linares"]
[Date "2018.08.10"]
[Round "5"]
[White "Argandona Riveiro, Inigo"]
[Black "Vega Gutierrez, Belinda"]
[Result "1-0"]
[WhiteElo "2415"]
[BlackElo "2165"]
[Annotator "NA"]
[PlyCount "65"]
[EventDate "2018.08.06"]
[EventType "team-tourn"]
[EventCountry "ESP"]
[SourceTitle "playchess.com"]
[Source "ChessBase"]
[SourceQuality "1"]
[TimeControl "40/5400+30:1800+30"]

1. e4 {[%emt 0:02:23]} e5 {[%emt 0:00:00]} 2. Nf3 {[%emt 0:00:02]} Nc6 {[%emt 0:00:00]} 3. Be2 {[%emt 0:00:15]} f5 {[%emt 0:11:10]} 4. d4 {[%emt 0:00:06]} fxe4 {[%emt 0:06:53]} 5. Nxe5 {[%emt 0:00:03]} Qf6 {[%emt 0:00:55]} 6. Nc3 {[%emt 0:08:48]} Bb4 {[%emt 0:00:42]} 7. O-O {[%emt 0:00:52]} Bxc3 {[%emt 0:04:38]} 8. bxc3 {[%emt 0:00:02]} Nxe5 {[%emt 0:00:43]} 9. dxe5 {[%emt 0:00:03]} Qxe5 {[%emt 0:00:12]} 10. Be3 {[%emt 0:11:45]} Nf6 {[%emt 0:00:57]} 11. Bd4 {[%emt 0:04:03]} Qe7 {[%emt 0:01:40]} 12. Bxf6 {[%emt 0:03:26]} Qxf6 {[%emt 0:01:12]} 13. Qd5 {[%emt 0:00:09]} Kd8 {[%emt 0:19:18]} 14. Qxe4 {[%emt 0:01:56]} Re8 {[%emt 0:05:17]} 15. Qd3 {[%emt 0:00:31]} a5 {[%emt 0:04:02]} 16. Bg4 {[%emt 0:04:23]} Ra6 {[%emt 0:10:25]} 17. Rae1 {[%emt 0:15:55]} Rh8 {[%emt 0:05:17]} 18. Re3 {[%emt 0:00:41]} d6 {[%emt 0:07:36]} 19. Bf3 {[%emt 0:05:21]} c6 {[%emt 0:01:44]} 20. c4 {[%emt 0:01:48]} Kc7 {[%emt 0:00:25]} 21. Rfe1 {[%emt 0:01:13]} a4 {[%emt 0:03:32]} 22. Re7+ {[%emt 0:06:18]} Kb8 {[%emt 0:00:05]} 23. Qe3 {[%emt 0:00:15]} Rd8 {[%emt 0:04:15]} 24. h3 {[%emt 0:02:18]} Rd7 {[%emt 0:03:06]} 25. Re6 {[%emt 0:03:25]} Qb2 {[%emt 0:00:58]} 26. Re8 {[%emt 0:00:15]} Qxc2 {[%emt 0:05:06]} 27. Rxc8+ {[%emt 0:02:34]} Kxc8 {[%emt 0:00:03]} 28. Qe8+ {[%emt 0:00:05]} Kc7 {[%emt 0:00:35]} 29. Bg4 {[%emt 0:00:03]} Qxa2 {[%emt 0:02:03]} 30. Qxd7+ {[%emt 0:00:12]} Kb6 {[%emt 0:00:12]} 31. Qxd6 {[%emt 0:02:30]} Qxc4 {[%emt 0:01:36]} 32. Rb1+ {[%emt 0:00:27]} Ka7 {[%emt 0:00:20]} 33. Qc7 {[%emt 0:00:09]} 1-0